000 01143cam a2200229 4500
001 ABS67262
008 031124n2003 000 0 eng u
035 _a(Sirsi) u124451
100 _aSingleton, S.
245 _aNo entry
260 _c2003
490 _aChartered Secretary
_vNovember 2003, 30-33(4)
520 _aDiscusses the main provisions of the Privacy and Electronic Communication (EC Directive) Regulations 2003 which come into force on 11 December 2003. Under the regulations, unsolicited commercial email and text messages can only be sent if the recipient has agreed in advance and firms who use cookies and similar internet tracking devices will be required to provide information on these. Looks at the effect of the regulations on direct marketing, safety, user and traffic data, location data and call services.
590 _aABS
650 _aPRIVACY AND ELECTRONIC COMMUNICATIONS (EC DIRECTIVE) REGULATIONS 2003
650 _aEC DIRECTIVES
650 _aPRIVACY
650 _aELECTRONIC COMMUNICATIONS
650 _aMARKETING
690 _aMANAGEMENT-BUSINESS MANAGEMENT-INFORMATION MANAGEMENT
942 _n0
999 _c73845
_d73845